000
00320nam a22001337a 4500
008
181009b xxu||||| |||| 00| 0 eng d
020
_a
9780721668161
041
_a
eng
080
_a
612.39
100
_a
10
101
_a
NUT
245
_a
Study Guide for Food, Nutrition & Diet Therapy
_c
Liskov, T.P
942
_2
udc
_c
BK
999
_c
49208
_d
49208